| 000 | 00000nam##2200000za#4500 |
| 001 | 9.686093 |
| 003 | CaOODSP |
| 005 | 20210624230400 |
| 007 | cr ||||||||||| |
| 008 | 150407|2000||||xxc|||||o f|0| 0 eng|d |
| 020 | |a0-662-30429-2 |
| 040 | |aCaOODSP|beng |
| 043 | |an-cn--- |
| 086 | 1 |aE2-340/2000E-IN |
| 110 | 1 |aCanada.|bForeign Affairs and International Trade. |bCanadian Centre for Foreign Policy Development. |
| 245 | 10|aReport from the Second Annual Academic Roundtable : |h[electronic resource]|bAcademia and Foreign Policy: Ahead or Behind the Curve? (May 5, 2000, Ottawa) |
| 260 | |aOttawa - Ontario : |bForeign Affairs and International Trade. |c[2000]. |
| 300 | |a13p. |
| 590 | |a10-07-Supp|b2010-09-08 |
| 690 | 07|aExternal relations|2gcpds |
| 690 | 07|aForeign policy|2gcpds |
| 776 | 0#|tSecond Annual Academic Roundtable: academia and foreign policy: ahead or behind the curve? / |w(CaOODSP)9.648157 |
| 856 | 40|ahttp://publications.gc.ca|qPDF|s396 KB|uhttps://publications.gc.ca/collections/Collection/E2-340-2000E.pdf |
| 986 | |a6002.4E |